00375nam a2200145Ia 4500008004100000082001800041100001600059245003100075260002100106365000800127600001600135630003100151700001600182730003100198110201s9999 xx 000 0 und d bB10212aE 663 aSharma Vera aAn Unusual Indian Girlhood bWriters Workshop b200 aSharma Vera aAn Unusual Indian Girlhood aSharma Vera aAn Unusual Indian Girlhood